000 00556nam a2200169 i 4500
001 64914
003 ES-MaACL
005 20230906165243.0
007 t|
008 040107s1944 sp ||||1| spa d
100 1 _aFossi Gutiérrez, Ignacio.
_951900
245 1 0 _aAlgebra superior (elementos) y cálculo algebraico /
_cIgnacio Fossi Gutiérrez ; prólogo de Wenceslao Benítez Inglott.
260 _aMadrid :
_bDossat,
_c1944.
300 _aXI, 553 p. ;
_c25 cm.
700 1 _aBenítez Inglott, Wenceslao.
_927640
852 _aES-MaACL
_jF-16051
_bR.20919
999 _c64914
_d64914